000 00731nam a22002297a 4500
003 UA-OsUOA
001 125139
007 ta
008 20170907b un ||||| |||| 00| 0 ukr d
090 _a82-92
_bЯ11
942 _cBK
040 _aUA-OsUOA
_bukr
_cUA-OsUOA
_dUA-OsUOA
245 _a"Я винен тим, що українець": інтерв'ю Юрія Зайцева з Олексою Різниківим
_bдокументи
300 _a232 с.
955 _a1
041 _aukr
080 _a82-92
020 _a978-966-325-080-9
260 _aЛьвів
_bІУ ім. І. Крип'якевича
_c2007
650 7 _a82 Література. Літературознавство
_2UDC
999 _c412359
_d412359